IEEE 802.15.4 and Zigbee as enabling technologies for low-power wireless systems with quality-of-service constraints. (Record no. 597800)

000 -LEADER
fixed length control field 00361nam a2200109Ia 4500
008 - FIXED-LENGTH DATA ELEMENTS--GENERAL INFORMATION
fixed length control field 230907s9999||||xx |||||||||||||| ||und||
082 ## - DEWEY DECIMAL CLASSIFICATION NUMBER
Classification number 621.38212
Author Mark IEE
245 #0 - TITLE STATEMENT
Title IEEE 802.15.4 and Zigbee as enabling technologies for low-power wireless systems with quality-of-service constraints.
260 ## - PUBLICATION, DISTRIBUTION, ETC.
Place of publication, distribution, etc. Springer,
Name of publisher, distributor, etc. New York :
Date of publication, distribution, etc. 2013
300 ## - PHYSICAL DESCRIPTION
Extent p. cm.
942 ## - ADDED ENTRY ELEMENTS (KOHA)
Koha item type Book
Holdings
Withdrawn status Lost status Damaged status Not for loan Permanent Location Current Location Date acquired Total Checkouts Full call number Barcode Date last seen Price effective from Koha item type
        US-Pakistan Center for Advanced Studies in Energy (USPCAS-E) US-Pakistan Center for Advanced Studies in Energy (USPCAS-E) 12/27/2017   621.38212 IEE CAS-E0001899 09/12/2023 09/12/2023 Book
© 2023 Central Library, National University of Sciences and Technology. All Rights Reserved.